| 000 | 00000nam 2200000zi 4500 |
| 001 | 9.892164 |
| 003 | CaOODSP |
| 005 | 20230601080153 |
| 006 | m o d f |
| 007 | cr bn||||||||| |
| 008 | 201006e19940531onc ob f000 0 eng d |
| 040 | |aCaOODSP|beng|erda|cCaOODSP |
| 043 | |an-cn--- |
| 086 | |aIu44-230/1994E-PDF |
| 245 | 04|aThe future of newsprint manufacturing in Canada : |breport / |cCompetitive Analysis, Corporate and Industrial Analysis Branch ; in collaboration with Forest Industries Resource Processing Industries Branch. |
| 264 | 1|a[Ottawa] : |bIndustry Canada, |cMay 31, 1994. |
| 300 | |a1 online resource (3 volumes) |
| 336 | |atext|btxt|2rdacontent |
| 337 | |acomputer|bc|2rdamedia |
| 500 | |aDigitized edition from print [produced by Innovation, Science and Economic Development Canada]. |
| 504 | |aIncludes bibliographical references (pages 54-55 of report 1). |
| 505 | 0 |ano. 1. North American newsprint demand (1993-2010) -- no. 2. North American recycled paper supply-demand analysis (1993-1998) -- no. 3. North American newsprint paper supply analysis. |
| 650 | 0|aNewsprint industry|zCanada. |
| 650 | 0|aNewsprint industry|zUnited States. |
| 650 | 0|aNewsprint|xRecycling|zCanada. |
| 650 | 0|aNewsprint|xRecycling|zUnited States. |
| 650 | 6|aPapier journal|xIndustrie|zCanada. |
| 650 | 6|aPapier journal|xIndustrie|zÉtats-Unis. |
| 650 | 6|aPapier journal|xRecyclage|zCanada. |
| 650 | 6|aPapier journal|xRecyclage|zÉtats-Unis. |
| 710 | 1 |aCanada. |bIndustry Canada, |eissuing body. |
| 856 | 40|qPDF|s1.28 MB|uhttps://publications.gc.ca/collections/collection_2023/isde-ised/Iu44-230-1994-1-eng.pdf|zReport no. 1 |
| 856 | 40|qPDF|s1.45 MB|uhttps://publications.gc.ca/collections/collection_2023/isde-ised/Iu44-230-1994-2-eng.pdf|zReport no. 2 |
| 856 | 40|qPDF|s848 KB|uhttps://publications.gc.ca/collections/collection_2023/isde-ised/Iu44-230-1994-3-eng.pdf|zReport no. 3 |